000 00609cam a22002172 4500
001 0000004383
005 20151021151103.0
008 070522s xx 000 0 eng d
020 _a0074635352 :
_cKES 665
040 _aKABU
_cKABU
050 0 _aHF5415.2
_b.B47 2000
100 1 _aBeri, G. C.
_@0000160943
245 1 0 _aMarketing research.
250 _a3rd ed.
260 _aNew Delhi :
_bTata McGraw-Hill,
_c2000.
300 _axv, 474 p ;
_c cm.
650 0 _aMarketing research.
_@0000151518
908 _a070522
950 _@1
999 _c534
_d534